PANE RADIO E TREM SIMUL. - Pelo menos uma perna não travada embaixo - Statistics

Estatísticas Gerais
  • Esse quiz foi jogado 160 vezes
  • A pontuação média é 6 de 10
Estatísticas das Respostas
Hint Resposta % Correto
1 Antes de entrar no tráfego, observar pista em uso
95%
3 Em Saturno, ligar faróis de pouso e luzes de navegação
74%
2 Entrar como PANE RÁDIO e realizar procedimentos de PANE TREM, observando sinais luminosos
68%
2 Arremeter na final (configurado), passar sobre a pista de táxi a
2300ft, 90kt, sem balançar as asas
58%
6 Pousar, parar sobre a pista sem utilizar os freios, cortar motor e
aguardar reboque
58%
4 Se trem não baixar, tentar novo ciclo; persistindo a pane, baixar em EMG
58%
4 Após o través da cabeceira oposta, tráfego a 2500ft, 90kt,
referências normais
53%
5 Observar sinais luminosos na PV e na Final
53%
3 Torre declara Tráfego de Segurança
53%
Pelo menos uma perna não travada embaixo
1
Proceder como PANE TREM, SEM INDICAÇÃO DE PELO
MENOS UMA PERNA TRAVADA EMBAIXO
47%
Nenhum quiz correspondente encontrado
Distribuição das Pontuações
Porcentagem de Pessoas com Cada Pontuação
Percentil de Números Respondidos
Sua Pontuação Histórica
Você não jogou esse quiz